| 000 | 01098nam a2200289 ia4500 | ||
|---|---|---|---|
| 005 | 20260425130414.0 | ||
| 008 | 260425s2025 my a dr 000 f may d | ||
| 020 |
_a9786297687704 _cRM12.00 _qpaperback |
||
| 040 |
_aPPAK _beng _cPPAK _erda |
||
| 082 | 0 | 4 |
_a899.2333 _223 |
| 090 | 0 | 0 |
_a899.2333 _bFAI _dG |
| 100 | 0 |
_aFaizal Hakimi, _eauthor, _eillustrator. |
|
| 245 | 1 | 0 |
_aFighting : _bKITA SEMUA UNIK / _cFAIZAL HAKIMI, ILYAS SAAID ; Editor & Susun Atur Rashiela Nurain ; Ilustrasi di dalam buku Faizal Hakimi |
| 264 | 1 |
_aBandar Baru Nilai, Negeri Sembilan : _bBLINK BOOK SDN BHD, _c2025 |
|
| 300 |
_a121 pages : _billustrations ; _c19 cm |
||
| 336 |
_atext _2rdacontent |
||
| 337 |
_aunmediated _2rdamedia |
||
| 338 |
_avolume _2rdacarrier |
||
| 490 | 1 | _aSIRI KESIHATAN MENTAL REMAJA | |
| 650 | 1 | 0 | _aYoung adult fiction, Malay. |
| 650 | 2 | 0 | _aMalay fiction. |
| 650 | 2 | 4 | _aMalaysian fiction (Malay). |
| 700 | 0 |
_aIlyas Saaid, _eauthor. |
|
| 700 | 0 |
_aRashiela Nurain, _eeditor. |
|
| 830 | 0 |
_aSiri kesihatan mental remaja : _pTidak percaya diri (insecurity) |
|
| 942 |
_2ddc _cB |
||
| 999 |
_c203996 _d203996 |
||